000 00813nam a22001817a 4500
003 UA-OsUOA
001 7743
007 ta
008 20040629b un ||||| |||| 00| 0 ukr d
100 _aПолюга Л.
942 _cSA
040 _aUA-OsUOA
_cUA-OsUOA
_dUA-OsUOA
245 _aУкраїнський лексикограф як особистість : [ Про особистість лексикографа із психо- та соціолінгвістичного погляду]
_cЛ. Полюга; Л. Приймак; І. Голубовська; А. Гуляк
300 _aС.54-55
955 _a0
773 0 _w0
_tДивослово (українська мова й література в навчальних закладах)
_dКиїв
_d2004
_g№6
650 7 _aЛексикографія
_2UDC
999 _c293904
_d293904